Denis Salas, La Volonté de punir . Essai sur le populisme pénal. Hachette/Littératures, 2005, 286 pages, 20,50 € (notice n° 2047980)

détails MARC
000 -LEADER
fixed length control field 00814cam a2200157 4500500
005 - DATE AND TIME OF LATEST TRANSACTION
control field 20260405001452.0
041 ## - LANGUAGE CODE
Language code of text/sound track or separate title fre
042 ## - AUTHENTICATION CODE
Authentication code dc
100 10 - MAIN ENTRY--PERSONAL NAME
Personal name Kramer, Pierre
Relator term author
245 00 - TITLE STATEMENT
Title Denis Salas, La Volonté de punir . Essai sur le populisme pénal. Hachette/Littératures, 2005, 286 pages, 20,50 €
260 ## - PUBLICATION, DISTRIBUTION, ETC.
Date of publication, distribution, etc. 2005.<br/>
500 ## - GENERAL NOTE
General note 77
520 ## - SUMMARY, ETC.
Summary, etc. RésuméJules Verne distingue deux sources aux obstacles, aux réussites, aux échecs et aux succès de l’aventure : les éléments naturels, leur connaissance et leur maîtrise, et les conflits humains qui vont apparaître comme la source la plus réelle de perdition.
786 0# - DATA SOURCE ENTRY
Note Études | 403 | 7 | 2005-07-01 | p. XXIII-XXIII | 0014-1941
856 41 - ELECTRONIC LOCATION AND ACCESS
Uniform Resource Identifier <a href="https://shs.cairn.info/revue-etudes-2005-7-page-XXIII?lang=fr&redirect-ssocas=7080">https://shs.cairn.info/revue-etudes-2005-7-page-XXIII?lang=fr&redirect-ssocas=7080</a>

Pas d'exemplaire disponible.

PLUDOC

PLUDOC est la plateforme unique et centralisée de gestion des bibliothèques physiques et numériques de Guinée administré par le CEDUST. Elle est la plus grande base de données de ressources documentaires pour les Étudiants, Enseignants chercheurs et Chercheurs de Guinée.

Adresse

627 919 101/664 919 101

25 boulevard du commerce
Kaloum, Conakry, Guinée

Réseaux sociaux

Powered by Netsen Group @ 2025